[Event "GER-chT U12"]
[Site "Magdeburg"]
[Date "2015.12.27"]
[Round "1.4"]
[White "Rose, Noah"]
[Black "Kroh, Christian"]
[Result "1/2-1/2"]
[WhiteElo "1322"]
[BlackElo "1314"]
[PlyCount "53"]
[EventDate "2015.12.27"]
[EventType "team-swiss"]
[EventRounds "7"]
[EventCountry "GER"]
[SourceTitle "EXT 2017"]
[Source "ChessBase"]
[SourceDate "2016.10.25"]
[SourceVersion "1"]
[SourceVersionDate "2016.10.25"]
[SourceQuality "1"]
[WhiteTeam "Leipzig Gruen Weiss"]
[BlackTeam "Apolda"]
[WhiteTeamCountry "GER"]
[BlackTeamCountry "GER"]

1. e4 e5 2. Nf3 Nf6 3. Nxe5 d6 4. Nf3 Nxe4 5. Nc3 Nf6 6. d4 d5 7. Be2 Be7 8. 0-0 0-0 9. Bd3 Bg4 10. h3 Bh5 11. Be3 Nc6 12. a3 a6 13. Qe2 Re8 14. Rfe1 Bd6 15. Qd1 Bf8 16. Be2 h6 17. Nd2 Bxe2 18. Rxe2 Qd7 19. Nb3 Rad8 20. Qd2 Ne4 21. Nxe4 dxe4 22. Rd1 b6 23. Ree1 Re6 24. Kh1 Rg6 25. c3 Qf5 26. Qc2 Ne7 27. Qe2 1/2-1/2